Normal view MARC view
  • Davis, Calvin Victor,

Entry Personal Name

Number of records used in: 3

001 - CONTROL NUMBER

  • control field: 3544

003 - CONTROL NUMBER IDENTIFIER

  • control field: NUST

005 - DATE AND TIME OF LATEST TRANSACTION

  • control field: 20170721163404.0

008 - FIXED-LENGTH DATA ELEMENTS

  • fixed length control field: 170721|| aca||aabn | a|a d

040 ## - CATALOGING SOURCE

  • Original cataloging agency: NUST
  • Transcribing agency: NUST

100 ## - HEADING--PERSONAL NAME

  • Personal name: Davis, Calvin Victor,
  • Dates associated with a name: 1897-
  • Title of a work: Handbook of applied hydraulics.

670 ## - SOURCE DATA FOUND

  • Source citation: Work cat.: (NUST)0: Davis' handbook of applied hydraulics /, c1993.
© 2023 Central Library, National University of Sciences and Technology. All Rights Reserved.